In enemy hands [

General viewing for all ages (U)

Bibliographic Details
Main Author: Giglio, Tony
Format: Book
Published: s.l : Artisan Entertainment , 19-
Subjects:

MARC

LEADER 00000cam a2200000 7i4500
001 0000147607
005 20110202.0
090 0 0 |a F   |b INE 
100 1 |a Giglio, Tony 
245 1 0 |a In enemy hands [  |h digital video disc]   |c Tony Giglio 
260 |a s.l :   |b Artisan Entertainment ,   |c 19- 
300 |a 1 digital video disc (98 minutes) :   |b col 
500 |a Library has 2 copies 
520 0 |a General viewing for all ages (U) 
650 0 0 |a Movies, English 
999 |a AV 26275   |b DIGITAL VIDEO DISC   |c PINJAMAN   |e PERPUSTAKAAN KOMUNITI PETALING JAYA 
999 |a AV 26276   |b DIGITAL VIDEO DISC   |c PINJAMAN   |e PERPUSTAKAAN KOMUNITI PETALING JAYA